000 01054nam a2200241Ia 4500
003 Ost
005 20260507074911.0
008 260507s9999||||xx |||||||||||||| ||und||
020 _a978995732340
040 _cfsecg
041 _aara
082 _a350
100 _aطلحة، أحمد عثمان
_eمؤلف
245 0 _aإدارة المؤسسات العامة في الدول النامية :
_bمنظور استراتيجي /
_c أحمد عثمان طلحة
260 _aعمان:
_bدار الحامد للنشر والتوزيع,
_c2008
300 _a211 صفحة؛
_bإيضاحات ؛
_c25 سم
504 _aببليوغرافيا: ص.207
520 _aإدارة المؤسسات العامة، تعريف المؤسسة العامة، المؤسسات العامة في الدول النامية، التخصيص في الدول النامية، أهداف المؤسسة العامة
653 _aإدارة الأعمال
653 _aالإدارة العامة
653 _aالمؤسسات العامة
942 _cكتاب
999 _c41736
_d41736